|
|
|
|
| LEADER |
00000nam a2200000 a 4500 |
| 001 |
vtls008873201 |
| 003 |
SK-MaSNL |
| 005 |
20260301080423.0 |
| 008 |
251031s2001 xr a j 000 1 slo |
| 020 |
|
|
|a 8071815632
|q (viaz.)
|
| 040 |
|
|
|a SNK
|b slo
|c SNK
|e AACR2
|
| 041 |
1 |
|
|a slo
|h eng
|
| 044 |
|
|
|a xr
|c CZ
|
| 072 |
|
7 |
|a 821-93
|x Literatúra pre deti a mládež
|2 konspekt
|
| 072 |
|
7 |
|a 2-23/-27
|x Biblia. Biblistika
|2 konspekt
|
| 080 |
|
|
|a 27-23/-24
|2 2001
|
| 080 |
|
|
|a 27-236.5
|2 2001
|
| 080 |
|
|
|a (0:82-32)
|2 2001
|
| 080 |
|
|
|a (0.053.2)
|2 2001
|
| 080 |
|
|
|a (084.11)
|2 2001
|
| 100 |
1 |
|
|a Hoffman, Mary,
|d 1945-
|4 aut
|9 86607
|
| 240 |
1 |
2 |
|a A First Bible story book
|l Slovensky
|
| 245 |
1 |
0 |
|a Biblické príbehy pre deti
|c príbehy prerozprávala Mary Hoffmanová ; ilustrovala Julie Downingová ; [z anglického originálu preložili Petra Svobodová a Oľga Škodáčková]
|
| 250 |
|
|
|a 1. slov. vyd.
|
| 260 |
|
|
|a Praha
|b Cesty
|c 2001
|e Martin
|f Neografia
|
| 300 |
|
|
|a 80 s.
|b fareb. ilustr.
|c 25 cm
|
| 500 |
|
|
|a A Dorling Kindersley book
|
| 630 |
0 |
7 |
|a Biblia
|2 SNKPH
|9 17043
|
| 630 |
0 |
7 |
|a Bible
|2 SNKPHeng
|9 276267
|
| 650 |
0 |
7 |
|a biblické príbehy
|2 SNKPH
|9 1916
|
| 650 |
0 |
7 |
|a Bible stories
|2 SNKPHeng
|9 276268
|
| 655 |
|
7 |
|a príbehy
|2 SNKPH
|9 70507
|
| 655 |
|
7 |
|a publikácie pre deti
|2 SNKPH
|9 70148
|
| 655 |
|
7 |
|a Stories
|2 SNKPHeng
|9 265785
|
| 655 |
|
7 |
|a Children's literature
|2 SNKPHeng
|9 276039
|
| 700 |
1 |
|
|a Downing, Julie
|4 ill
|9 401161
|
| 700 |
1 |
|
|a Svobodová, Petra
|4 trl
|9 366048
|
| 700 |
1 |
|
|a Škodáčková, Oľga
|4 trl
|9 65310
|
| 919 |
|
|
|a 80-7181-563-2
|
| 958 |
|
|
|a OND
|
| 999 |
|
|
|c 653121
|d 655051
|
| 952 |
|
|
|a SNK
|b SNK
|y VYP
|7 0
|p 17A1531341
|o snkSC 125375 D1
|i snk2024/2209
|8 7
|0 0
|1 0
|4 0
|d 2024-02-09
|l 0
|r 2026-02-23 18:27:49
|w 2026-02-23
|
| 952 |
|
|
|a SNK
|b SNK
|y PREZ
|7 0
|p 17A0528479
|o snkSC 125375
|i snk2006/22818
|8 3
|0 0
|1 0
|4 0
|d 2006-11-06
|l 0
|r 2025-06-09 00:00:00
|w 2026-02-23
|